| 000 | 01326nab a22002417a 4500 | ||
|---|---|---|---|
| 999 |
_c5284 _d5284 |
||
| 003 | OSt | ||
| 005 | 20250213131540.0 | ||
| 008 | 190604e xxu||||| |||| 00| 0 spa d | ||
| 040 | _cPJ | ||
| 100 |
_96280 _aPalma, Mariano |
||
| 245 | 1 | 3 |
_aLa compra, venta o alquiler de partes del cuerpo humano : _b¿establece una relación de consumo? / _cMariano Palma. |
| 260 |
_aCiudad Autónoma de Buenos Aires : _bThomson Reuters La Ley, _c2025. |
||
| 300 | _ap. 211-216 | ||
| 500 | _aCita Online: LA LEY AR/DOC/2085/2024. | ||
| 505 | _aSumario: I. Introducción.— II. El art. 17 Cód. Civ. y Com. y las limitaciones que impone, ¿son efectivas en la realidad?— III. El caso de la enajenación de cabellos.— IV. La extracción de objetos incorporados al cuerpo y su posterior enajenación.— V. El alquiler de vientres como una relación de consumo.— VI. Conclusiones. | ||
| 505 | _t¿Te interesa el texto completo? Solicitalo al correo: koha@justierradelfuego.gov.ar | ||
| 650 | 0 |
_aDERECHO A LA DIGNIDAD _94051 |
|
| 650 | 0 |
_aCODIGO CIVIL Y COMERCIAL _91497 |
|
| 650 | 0 |
_aRELACION DE CONSUMO _94552 |
|
| 650 | 0 |
_aDEFENSA DEL CONSUMIDOR _92597 |
|
| 773 | 0 |
_02714 _93171 _dCiudad Autónoma de Buenos Aires : Thomson Reuters La Ley, 2014- _tRevista anales de legislación argentina. Nº 2 - Febrero 2025. |
|
| 942 |
_2udc _cANA |
||